[Event "SR 3. liga A2 2015/2016"]
[Site "?"]
[Date "2015.11.29"]
[Round "4.2"]
[White "Vogl, Zdenek"]
[Black "Krist, Milan"]
[Result "1/2-1/2"]
[WhiteElo "1894"]
[BlackElo "1858"]
[PlyCount "134"]
[EventDate "2016.??.??"]

1. e4 e6 2. d4 d5 3. e5 c5 4. c3 Nc6 5. Nf3 Qb6 6. Be2 cxd4 7. cxd4 Bb4+ 8. Nc3
Bd7 9. O-O a6 10. a3 Be7 11. Na4 Qa7 12. Be3 b5 13. Nc3 Bd8 14. b4 Rc8 15. Rc1
Nge7 16. Bxb5 Nf5 17. Bxc6 Rxc6 18. Ne2 O-O 19. Rxc6 Bxc6 20. Qd2 Be7 21. Rc1
Qb7 22. Ng3 Nxe3 23. Qxe3 h6 24. h4 Bb5 25. Nf1 Rc8 26. g3 Rc4 27. Rxc4 Bxc4
28. N1d2 Qb5 29. Nxc4 Qxc4 30. Kg2 Qb5 31. Qc3 g6 32. Nd2 Qe2 33. Qe3 Qb5 34.
Qxh6 a5 35. bxa5 Qxa5 36. Nf3 Qxa3 37. h5 Qd3 38. hxg6 Qxg6 39. Qxg6+ fxg6 40.
Nh4 Kf7 41. Kf3 Ba3 42. Kg4 Bb2 43. Nf3 Ke7 44. Kg5 Kf7 45. Kh6 Bc3 46. Kg5 Bb2
47. Kg4 Ke7 48. Kh3 Bc3 49. Kg2 Bb2 50. Kf1 Bc1 51. Ke2 Kf7 52. Nd2 Bb2 53. Kd3
Ba3 54. f4 g5 55. fxg5 Be7 56. Nf3 Kg6 57. Ke2 Ba3 58. Kf2 Bb2 59. Kg2 Bc1 60.
Kh3 Be3 61. Kg4 Bc1 62. Nh4+ Kg7 63. Kh5 Be3 64. Nf3 Bf2 65. Kh4 Kg6 66. Kg4
Be3 67. Nh4+ Kg7 1/2-1/2

[Event "SR 3. liga A2 2015/2016"]
[Site "?"]
[Date "2015.11.29"]
[Round "4.2"]
[White "Hagara, Vladimir"]
[Black "Hrubsa, Marian"]
[Result "1/2-1/2"]
[WhiteElo "1850"]
[BlackElo "1814"]
[PlyCount "132"]
[EventDate "2016.??.??"]

1. Nf3 d5 2. d4 e6 3. c4 Nf6 4. Nc3 c6 5. e3 dxc4 6. Bxc4 b5 7. Bd3 b4 8. Ne4
Nxe4 9. Bxe4 f5 10. Bd3 Be7 11. Ne5 O-O 12. O-O Bd6 13. b3 Bxe5 14. dxe5 Nd7
15. Bb2 Qc7 16. f4 Nb6 17. Rc1 Bb7 18. Bd4 Qf7 19. Qe2 Rfd8 20. Bc5 Nd5 21. Bd4
Qg6 22. Rc2 a5 23. Bb2 c5 24. e4 Ne7 25. exf5 Nxf5 26. Rd1 Rd7 27. Rdd2 Rad8
28. Bxf5 Qxf5 29. Rxd7 Rxd7 30. Bc1 Ba6 31. g4 Bxe2 32. gxf5 Bg4 33. fxe6 Bxe6
34. Rxc5 Kf7 35. Kf2 Kg6 36. Rxa5 Kf5 37. Ke3 Rd1 38. Bd2 Rh1 39. Bxb4 Rxh2 40.
Bd2 h5 41. b4 h4 42. Rc5 Rh3+ 43. Kd4 Bxa2 44. Rc1 Rh2 45. Be3 Rb2 46. Kc5 h3
47. Rh1 h2 48. b5 Bb1 49. Bg1 hxg1=Q+ 50. Rxg1 g6 51. b6 Kxf4 52. Re1 g5 53. e6
Bg6 54. e7 Be8 55. Rf1+ Ke5 56. Rf8 Rc2+ 57. Kb4 Rc8 58. b7 Rb8 59. Kc5 Ke6 60.
Kb6 Kxe7 61. Rg8 Rd8 62. Rxg5 Rd6+ 63. Ka7 Rd7 64. Kb6 Rd6+ 65. Ka7 Rd7 66. Kb6
Rd6+ 1/2-1/2

[Event "SR 3. liga A2 2015/2016"]
[Site "?"]
[Date "2015.11.29"]
[Round "4.2"]
[White "Planka, Peter"]
[Black "Holicky, Miroslav"]
[Result "1-0"]
[WhiteElo "1753"]
[BlackElo "1844"]
[PlyCount "107"]
[EventDate "2016.??.??"]

1. e4 d5 2. exd5 Qxd5 3. Nc3 Qd8 4. Nf3 Nf6 5. Be2 g6 6. O-O Bg7 7. d4 O-O 8.
h3 Nbd7 9. Be3 Nb6 10. Qd2 Bf5 11. Rac1 Re8 12. Rfd1 c6 13. Bd3 Be6 14. Bh6 Bh8
15. b3 Qc7 16. Ne2 Rad8 17. c3 Bc8 18. Bf4 Qd7 19. Ne5 Qe6 20. Bh2 Nh5 21. g4
Bxe5 22. Bxe5 f6 23. Bc7 Ng7 24. Bxd8 Rxd8 25. Re1 Qd6 26. Qf4 e5 27. Qg3 Ne6
28. Rcd1 Nd5 29. dxe5 fxe5 30. Bc2 Qc7 31. c4 Ndf4 32. Nxf4 Rxd1 33. Bxd1 Nxf4
34. Qe3 h5 35. Qxe5 Nxh3+ 36. Kh2 Qxe5+ 37. Rxe5 Nxf2 38. Re8+ Kf7 39. Rxc8
Nxd1 40. gxh5 gxh5 41. Rc7+ Ke6 42. Rxb7 Kd6 43. Rxa7 Nc3 44. Ra5 c5 45. Kh3
Kc6 46. a4 Kb6 47. Rb5+ Kc6 48. Kh4 Na2 49. Kxh5 Nb4 50. Kg6 Na6 51. Kf6 Nc7
52. Ke7 Na6 53. Kd8 Nc7 54. Rxc5+ 1-0

[Event "SR 3. liga A2 2015/2016"]
[Site "?"]
[Date "2015.11.29"]
[Round "4.2"]
[White "Klanica, Anton"]
[Black "Zlamal, Marek"]
[Result "1-0"]
[WhiteElo "1743"]
[BlackElo "1691"]
[PlyCount "71"]
[EventDate "2016.??.??"]

1. e4 c5 2. Nf3 Nc6 3. d4 cxd4 4. Nxd4 e5 5. Nf3 Bc5 6. Bd3 h6 7. O-O Nge7 8.
c3 O-O 9. Qe2 Ng6 10. Bc2 a5 11. Rd1 Qe7 12. Be3 Bxe3 13. Qxe3 Nf4 14. Na3 Rd8
15. Rd2 d6 16. Bb3 Be6 17. Bxe6 Qxe6 18. Nb5 Rd7 19. Ne1 Qg6 20. Rad1 Rad8 21.
Qf3 Ne7 22. Nd3 Nxd3 23. Rxd3 f5 24. exf5 Nxf5 25. Qe4 Qe6 26. c4 Ne7 27. Nc3
Nf5 28. Qd5 Qxd5 29. Rxd5 b6 30. Rb5 Rb7 31. Rxe5 dxe5 32. Rxd8+ Kf7 33. Nb5
Ke6 34. Re8+ Ne7 35. Kf1 Kf7 36. Nd6+ 1-0

[Event "SR 3. liga A2 2015/2016"]
[Site "?"]
[Date "2015.11.29"]
[Round "4.3"]
[White "Kavon, Rastislav"]
[Black "Gasa, Andrej"]
[Result "1/2-1/2"]
[WhiteElo "2183"]
[BlackElo "2337"]
[PlyCount "99"]
[EventDate "2016.??.??"]

1. e4 c5 2. Nf3 d6 3. d4 cxd4 4. Nxd4 Nf6 5. Nc3 a6 6. h3 e6 7. g4 b5 8. Bg2
Bb7 9. a3 Nfd7 10. O-O Be7 11. Nce2 Nc5 12. Ng3 Nc6 13. Be3 O-O 14. Qe2 Qc7 15.
Rad1 Na4 16. c3 Nb6 17. f4 Nc4 18. Bf2 Rfe8 19. f5 exf5 20. Ngxf5 Bf8 21. Nxc6
Bxc6 22. Qc2 g6 23. Nd4 Bb7 24. Rfe1 Rac8 25. Bg3 Bg7 26. Qf2 Qc5 27. Re2 Ne5
28. Nf3 Nxf3+ 29. Bxf3 Be5 30. Qxc5 dxc5 31. Bxe5 Rxe5 32. Rd7 Bc6 33. Ra7 Ra8
34. Rc7 Re6 35. Rxc6 Rxc6 36. e5 Rac8 37. Bxc6 Rxc6 38. Kf2 Kf8 39. Ke3 Ke7 40.
Ke4 c4 41. Rd2 f6 42. exf6+ Rxf6 43. a4 bxa4 44. Rd4 Rb6 45. Rxc4 Rxb2 46. Rxa4
Rb6 47. c4 Kd7 48. c5 Rf6 49. Ra3 g5 50. Ke5 1/2-1/2

[Event "SR 3. liga A2 2015/2016"]
[Site "?"]
[Date "2015.11.29"]
[Round "4.3"]
[White "Cajka, Tibor"]
[Black "Bango, Lukas"]
[Result "1/2-1/2"]
[WhiteElo "2114"]
[BlackElo "2071"]
[PlyCount "77"]
[EventDate "2016.??.??"]

1. e4 c5 2. Nf3 d6 3. d4 cxd4 4. Nxd4 Nf6 5. Nc3 g6 6. Be3 Bg7 7. Bc4 O-O 8.
Bb3 Ng4 9. Bg5 Qb6 10. Nd5 Qxd4 11. Qxd4 Bxd4 12. Nc7 Na6 13. Nxa8 Nxf2 14. Rf1
Be6 15. Rxf2 Bxf2+ 16. Kxf2 Bxb3 17. Bxe7 Re8 18. axb3 Rxe7 19. b4 Nxb4 20.
Rxa7 Nxc2 21. Nb6 Nb4 22. Nd5 Nxd5 23. exd5 Kg7 24. Ra3 Rc7 25. Kf3 Kf6 26. Ke4
Rc4+ 27. Kd3 Rb4 28. Kc3 Rb5 29. b4 Rxd5 30. Kc4 Re5 31. b5 b6 32. Ra6 d5+ 33.
Kd4 Re6 34. Kxd5 h5 35. Ra2 Ke7 36. Ra7+ Ke8 37. Rb7 h4 38. Rb8+ Kd7 39. Rb7+
1/2-1/2

[Event "SR 3. liga A2 2015/2016"]
[Site "?"]
[Date "2015.11.29"]
[Round "4.3"]
[White "Lopatievov, Alexander"]
[Black "Sebesta, Radovan"]
[Result "1/2-1/2"]
[WhiteElo "1903"]
[BlackElo "2007"]
[PlyCount "68"]
[EventDate "2016.??.??"]

1. b4 d5 2. Bb2 Nf6 3. e3 e6 4. a3 Bd6 5. Nf3 O-O 6. c4 c5 7. bxc5 Bxc5 8. d4
Be7 9. Nbd2 b6 10. cxd5 exd5 11. Bd3 Bb7 12. Qc2 Nc6 13. Ne5 Rc8 14. Nxc6 Bxc6
15. Qb1 Bb7 16. O-O Bd6 17. Rc1 Qe7 18. Bf5 Rc7 19. Rxc7 Qxc7 20. h3 Ba6 21. g4
g6 22. Bd3 Bxd3 23. Qxd3 Rc8 24. Rc1 Qd7 25. Rxc8+ Qxc8 26. f3 h5 27. e4 Bf4
28. e5 Nh7 29. Qc3 Qxc3 30. Bxc3 hxg4 31. hxg4 Ng5 32. Kf2 Kf8 33. Nb3 Ke7 34.
Bd2 Ne6 1/2-1/2

[Event "SR 3. liga A2 2015/2016"]
[Site "?"]
[Date "2015.11.29"]
[Round "4.3"]
[White "Lanik, Miroslav"]
[Black "Capanda, Jan"]
[Result "1/2-1/2"]
[WhiteElo "1896"]
[BlackElo "1846"]
[PlyCount "105"]
[EventDate "2016.??.??"]

1. e4 Nf6 2. e5 Nd5 3. d4 e6 4. Nf3 h6 5. Be2 Nb6 6. Be3 d5 7. Nbd2 N6d7 8. O-O
c5 9. c3 Nc6 10. a3 a6 11. b4 c4 12. h3 Be7 13. Nh2 O-O 14. f4 f5 15. exf6 Nxf6
16. Nhf3 b5 17. Ne5 Bb7 18. Ng6 Re8 19. Nxe7+ Nxe7 20. Bf2 Ne4 21. Nxe4 dxe4
22. Bh4 Qd5 23. Bxe7 Rxe7 24. Bh5 Rf8 25. Qe2 Rf6 26. Bg4 Ref7 27. Qe3 Qd6 28.
Rae1 g6 29. g3 h5 30. Bd1 h4 31. Bg4 hxg3 32. Qxg3 Bd5 33. Re2 g5 34. Bh5 Rg7
35. Rg2 Rxf4 36. Rgf2 e5 37. dxe5 Qxe5 38. Qe3 Be6 39. Rg2 Kh8 40. Rd1 Kh7 41.
Rg3 g4 42. Bxg4 Bxg4 43. hxg4 Rgxg4 44. Rd7+ Kg6 45. Qb6+ Qf6 46. Rd6 Rxg3+ 47.
Kh2 Rxc3 48. Rxf6+ Rxf6 49. Qd4 Rcf3 50. Qxe4+ Kf7 51. Qh7+ Ke6 52. Qe4+ Kd6
53. Qd4+ 1/2-1/2

[Event "SR 3. liga A2 2015/2016"]
[Site "?"]
[Date "2015.11.29"]
[Round "4.3"]
[White "Lezovic, Maros"]
[Black "Palka, Martin"]
[Result "1/2-1/2"]
[WhiteElo "1839"]
[BlackElo "1906"]
[PlyCount "233"]
[EventDate "2016.??.??"]

1. e4 c5 2. Nf3 Nc6 3. g3 g6 4. Bg2 Bg7 5. O-O e6 6. c3 d5 7. exd5 Qxd5 8. Nd4
Qd7 9. Nxc6 bxc6 10. Na3 Rb8 11. Qa4 Ne7 12. Nc4 O-O 13. Qc2 Ba6 14. d3 Nd5 15.
Rd1 Qc7 16. Be3 Nxe3 17. fxe3 Rfd8 18. b3 Bxc4 19. bxc4 Qe5 20. Qd2 Qxc3 21.
Qxc3 Bxc3 22. Rac1 Be5 23. Rc2 Rd6 24. Rcd2 Rbd8 25. Bf1 Rb8 26. Rc2 Kf8 27.
Bg2 Ke7 28. Rcd2 Bc3 29. Rc2 Bg7 30. Re2 Rbd8 31. Rb1 Rxd3 32. Bxc6 Rd1+ 33.
Rxd1 Rxd1+ 34. Kf2 Kd6 35. Ba4 Rd3 36. Rc2 Bh6 37. Re2 Ke5 38. h3 Rc3 39. Bb3
a5 40. Kf3 Bf8 41. Rc2 Rd3 42. Rf2 Bh6 43. Re2 f5 44. Kf2 Kf6 45. Ba4 Ke5 46.
Kf3 Rc3 47. Bb3 g5 48. g4 Bf8 49. Rd2 Bd6 50. Rc2 Rd3 51. Re2 Kf6 52. Bc2 Rc3
53. Rd2 Be5 54. Bd3 f4 55. e4 Bd4 56. Ke2 Ke5 57. Rd1 Ra3 58. Rd2 Be3 59. Rb2
Kd4 60. Bc2 Kxc4 61. Bb3+ Kd4 62. Bxe6 Kxe4 63. Bf5+ Kd4 64. Bxh7 c4 65. Rc2 c3
66. Bf5 Ra4 67. Kf3 Bd2 68. h4 gxh4 69. g5 Ke5 70. g6 Kf6 71. Bd3 Rd4 72. Be4
h3 73. Bc6 Kxg6 74. a3 Rd3+ 75. Kf2 h2 76. Kg2 Kg5 77. Kxh2 Kg4 78. Kg2 f3+ 79.
Kf2 Be3+ 80. Ke1 f2+ 81. Ke2 Kg3 82. Kxd3 f1=Q+ 83. Kxe3 Qf4+ 84. Kd3 Qd6+ 85.
Kxc3 Qxc6+ 86. Kb3 Qb5+ 87. Kc3 Kf3 88. Rb2 Qc5+ 89. Kb3 Qd5+ 90. Ka4 Qd4+ 91.
Kb3 Ke3 92. Ka2 Qc4+ 93. Ka1 Kd3 94. Kb1 a4 95. Ka1 Kc3 96. Kb1 Qf1+ 97. Ka2
Qc1 98. Rb4 Qc2+ 99. Ka1 Qd1+ 100. Ka2 Qd5+ 101. Ka1 Qe5 102. Kb1 Qe1+ 103. Ka2
Qd1 104. Rb2 Qd5+ 105. Ka1 Qc5 106. Rb4 Kd3 107. Ka2 Qc2+ 108. Rb2 Qc4+ 109.
Ka1 Kc3 110. Rb4 Qf1+ 111. Ka2 Kc2 112. Rb2+ Kc3 113. Rb4 Qf7+ 114. Ka1 Qe7
115. Ka2 Qxb4 116. axb4 Kxb4 117. Kb2 1/2-1/2

[Event "SR 3. liga A2 2015/2016"]
[Site "?"]
[Date "2015.11.29"]
[Round "4.3"]
[White "Skapikova, Lubica"]
[Black "Mackovic, Miroslav"]
[Result "1-0"]
[WhiteElo "1870"]
[BlackElo "1899"]
[PlyCount "75"]
[EventDate "2016.??.??"]

1. e4 c5 2. Nf3 d6 3. d4 cxd4 4. Nxd4 Nf6 5. Nc3 a6 6. g3 g6 7. Bg2 Qc7 8. O-O
Bg7 9. Kh1 Nc6 10. Nxc6 bxc6 11. f4 O-O 12. Be3 Rb8 13. Rb1 c5 14. e5 Ng4 15.
Nd5 Qd7 16. Bg1 Nh6 17. Re1 Bb7 18. Bxc5 Bxd5 19. Qxd5 Rb5 20. exd6 e6 21. Qc4
Bxb2 22. a4 Rbb8 23. Qxa6 Rfc8 24. Qa7 Qxa7 25. Bxa7 Rb4 26. d7 Rd8 27. Bc6 Nf5
28. Bc5 Rbb8 29. Red1 h5 30. a5 e5 31. fxe5 Ng7 32. Bd6 Ne6 33. Bxb8 Rxb8 34.
d8=Q+ Rxd8 35. Rxd8+ Nxd8 36. Rxb2 Nxc6 37. a6 Kf8 38. Rb6 1-0

[Event "SR 3. liga A2 2015/2016"]
[Site "?"]
[Date "2015.11.29"]
[Round "4.3"]
[White "Bango, Dominik"]
[Black "Palka, Miroslav"]
[Result "1-0"]
[WhiteElo "1720"]
[BlackElo "1910"]
[PlyCount "133"]
[EventDate "2016.??.??"]

1. e4 c5 2. Nf3 d6 3. d4 cxd4 4. Nxd4 Nf6 5. Nc3 g6 6. Be3 Bg7 7. f3 O-O 8. Qd2
Nc6 9. Be2 Nxd4 10. Bxd4 Be6 11. O-O a6 12. a4 Qa5 13. Rfb1 Qb4 14. Be3 Rfd8
15. Nd1 Qxd2 16. Bxd2 Rac8 17. c3 Nd7 18. b4 Nb6 19. Be3 Nc4 20. Bxc4 Rxc4 21.
Ra3 Rdc8 22. Bd2 R4c7 23. Rc1 f5 24. exf5 Bxf5 25. Ne3 Be6 26. Kf2 d5 27. a5
Bf7 28. Ng4 d4 29. Nh6+ Kf8 30. Nxf7 Kxf7 31. Bf4 Rxc3 32. Raxc3 dxc3 33. Ke2
Rc4 34. Bd2 Rxb4 35. Bxc3 Bxc3 36. Rxc3 Rb5 37. Ra3 Rb2+ 38. Kf1 e5 39. Re3 Rb5
40. Ra3 Ke6 41. Kf2 Kd6 42. Kg3 h6 43. Ra4 Kd5 44. Rg4 g5 45. Ra4 Rb2 46. Ra3
Ke6 47. Rc3 Kd6 48. Rd3+ Kc6 49. Rd8 Rb4 50. Re8 Kd6 51. Rh8 Rh4 52. Rh7 Ra4
53. Rxb7 Rxa5 54. Rb6+ Kd5 55. Rxh6 e4 56. Rg6 Kd4 57. fxe4 Kxe4 58. Kg4 Ke3
59. g3 Kf2 60. h4 gxh4 61. gxh4 Ra4+ 62. Kg5 Kg3 63. h5 Ra5+ 64. Kf6+ Kf4 65.
h6 Rh5 66. Kg7 a5 67. h7 1-0

[Event "SR 3. liga A2 2015/2016"]
[Site "?"]
[Date "2015.11.29"]
[Round "4.3"]
[White "Kir, Kvetoslav"]
[Black "Kozinka, Jan"]
[Result "1-0"]
[WhiteElo "1856"]
[BlackElo "1706"]
[PlyCount "47"]
[EventDate "2016.??.??"]

1. d4 Nf6 2. c4 g6 3. Nc3 Bg7 4. e4 d6 5. f3 O-O 6. Be3 Nbd7 7. Nge2 c6 8. Qd2
a5 9. g4 e5 10. d5 Ne8 11. Ng3 a4 12. h4 f6 13. h5 g5 14. h6 Bh8 15. dxc6 bxc6
16. Nf5 Nb8 17. c5 Bxf5 18. gxf5 Qe7 19. Bc4+ Rf7 20. Bxf7+ Kxf7 21. cxd6 Qxd6
22. O-O-O Qb4 23. Qd3 a3 24. b3 1-0

[Event "SR 3. liga A2 2015/2016"]
[Site "?"]
[Date "2015.11.29"]
[Round "4.4"]
[White "Sosovicka, Juraj"]
[Black "Jablonicky, Martin"]
[Result "1/2-1/2"]
[WhiteElo "2201"]
[BlackElo "2184"]
[PlyCount "65"]
[EventDate "2016.??.??"]

1. Nf3 Nf6 2. d4 e6 3. c4 c5 4. e3 cxd4 5. Nxd4 Nc6 6. Be2 Nxd4 7. Qxd4 d5 8.
Nc3 dxc4 9. Qxd8+ Kxd8 10. Bxc4 a6 11. Be2 Bd7 12. Bf3 Kc7 13. b3 Bc6 14. Bxc6
Kxc6 15. Bb2 Bd6 16. Rc1 Kd7 17. Na4 Ke7 18. Nb6 Rad8 19. Ke2 Nd7 20. Nc4 Bc5
21. Rhd1 Nf6 22. Na5 Rxd1 23. Rxd1 Rb8 24. Be5 Rc8 25. Rc1 b6 26. Nb7 Kd7 27.
Rd1+ Ke8 28. Rc1 Kd7 29. Nxc5+ Rxc5 30. Rxc5 bxc5 31. Kd3 Kc6 32. f3 Ne8 33.
Bc3 1/2-1/2

[Event "SR 3. liga A2 2015/2016"]
[Site "?"]
[Date "2015.11.29"]
[Round "4.4"]
[White "Packa, Ladislav"]
[Black "Danada, Tomas"]
[Result "1/2-1/2"]
[WhiteElo "2189"]
[BlackElo "2152"]
[PlyCount "45"]
[EventDate "2016.??.??"]

1. d4 g6 2. c4 Bg7 3. Nc3 c5 4. Nf3 cxd4 5. Nxd4 Nc6 6. Nb3 Nf6 7. e4 d6 8. Be2
O-O 9. O-O a5 10. Be3 a4 11. Nd4 Nxd4 12. Bxd4 Qa5 13. f3 Be6 14. Nd5 Bxd5 15.
cxd5 Rfc8 16. Kh1 Nd7 17. Bxg7 Kxg7 18. Qd4+ Kg8 19. b4 axb3 20. axb3 Qc5 21.
Qxc5 Nxc5 22. Bc4 b5 23. Rxa8 1/2-1/2

[Event "SR 3. liga A2 2015/2016"]
[Site "?"]
[Date "2015.11.29"]
[Round "4.4"]
[White "Veselsky, Jozef"]
[Black "Jablonicky, Frantisek"]
[Result "1-0"]
[WhiteElo "2075"]
[BlackElo "2128"]
[PlyCount "97"]
[EventDate "2016.??.??"]

1. d4 f5 2. g3 g6 3. Bg2 Nf6 4. Nf3 Bg7 5. c4 d6 6. O-O O-O 7. Nc3 Qe8 8. b3 c6
9. Ba3 Ne4 10. Rc1 Nxc3 11. Rxc3 Nd7 12. Rc2 Nf6 13. Nd2 Nh5 14. e3 Bd7 15. Nf3
Rd8 16. d5 c5 17. Ng5 Nf6 18. Bb2 b5 19. cxb5 h6 20. Ne6 Bxe6 21. dxe6 Qxb5 22.
Bxf6 Rxf6 23. Bd5 g5 24. Rc4 Rff8 25. Qd2 Rc8 26. Ra4 Rc7 27. Rd1 Qb6 28. Bc4
Qb7 29. Qe2 Qc6 30. Ra6 Qe4 31. Qh5 Qg4 32. Qxg4 fxg4 33. Rd5 Rf6 34. Rdxd6 Rf8
35. Rd7 Be5 36. Rxa7 Rxa7 37. Rxa7 Bd6 38. a4 Kg7 39. a5 Kf6 40. a6 Ke5 41. Kf1
h5 42. Rb7 h4 43. Be2 Kxe6 44. Bxg4+ Kd5 45. Ke2 e5 46. a7 e4 47. Bf5 Ke5 48.
g4 c4 49. Rb5+ 1-0

[Event "SR 3. liga A2 2015/2016"]
[Site "?"]
[Date "2015.11.29"]
[Round "4.4"]
[White "Slobodnik, Michal"]
[Black "Ambros, Rafael"]
[Result "1-0"]
[WhiteElo "1986"]
[BlackElo "1992"]
[PlyCount "79"]
[EventDate "2016.??.??"]

1. d4 d5 2. Nf3 e6 3. c4 c6 4. Nc3 dxc4 5. a4 Bb4 6. e3 b5 7. Bd2 a5 8. axb5
Bxc3 9. Bxc3 cxb5 10. d5 Nf6 11. dxe6 Qxd1+ 12. Kxd1 Bxe6 13. Nd4 Bd7 14. Rxa5
Rxa5 15. Bxa5 Nc6 16. Nxc6 Bxc6 17. f3 O-O 18. Kc2 Ra8 19. Bd2 Ra1 20. e4 Nxe4
21. fxe4 Bxe4+ 22. Kc3 Bd3 23. Bxd3 Rxh1 24. Be4 Rxh2 25. Kb4 Rh5 26. Bc6 Rf5
27. Bc3 Rg5 28. Bd2 Rf5 29. Be3 h5 30. Bxb5 Re5 31. Bd4 Re2 32. Bc6 Rc2 33. Bc3
g5 34. Kxc4 h4 35. b4 g4 36. b5 Re2 37. b6 Re7 38. Bb4 Re6 39. b7 Rxc6+ 40. Kb5
1-0

[Event "SR 3. liga A2 2015/2016"]
[Site "?"]
[Date "2015.11.29"]
[Round "4.4"]
[White "Kocak, Branislav"]
[Black "Horecky, Peter"]
[Result "1/2-1/2"]
[WhiteElo "1899"]
[BlackElo "2026"]
[PlyCount "37"]
[EventDate "2016.??.??"]

1. d4 g6 2. Nf3 Bg7 3. Bf4 d6 4. e3 c5 5. c3 cxd4 6. exd4 Nf6 7. h3 O-O 8. Bd3
Nc6 9. O-O Qc7 10. Re1 a6 11. Nbd2 Nh5 12. Bh2 e5 13. dxe5 dxe5 14. Nc4 f6 15.
Be4 Rd8 16. Qb3 Qf7 17. Qb6 Qxc4 18. Bxc6 Rd6 19. Bb5 1/2-1/2

[Event "SR 3. liga A2 2015/2016"]
[Site "?"]
[Date "2015.11.29"]
[Round "4.4"]
[White "Lukacovic, Miroslav"]
[Black "Bilovsky, Milan"]
[Result "1/2-1/2"]
[WhiteElo "1993"]
[BlackElo "1906"]
[PlyCount "153"]
[EventDate "2016.??.??"]

1. d4 d5 2. c4 c6 3. Nf3 Nf6 4. g3 e6 5. Bg2 Nbd7 6. O-O Bd6 7. Nbd2 O-O 8. b3
b6 9. Bb2 Bb7 10. Qc2 c5 11. e3 Rc8 12. Rac1 Re8 13. Ne5 Qc7 14. f4 a6 15. a4
cxd4 16. exd4 g6 17. Qd3 Qb8 18. Qe2 Bf8 19. Bf3 dxc4 20. bxc4 Bxf3 21. Ndxf3
Red8 22. Ng5 Qb7 23. Ngxf7 Re8 24. Ng5 Rcd8 25. Rfe1 Bd6 26. Qf3 Qxf3 27. Nexf3
Nf8 28. d5 Nxd5 29. cxd5 exd5 30. Bd4 b5 31. axb5 axb5 32. Ne5 Ne6 33. Nxe6
Rxe6 34. Nc6 Rde8 35. Kf2 Rxe1 36. Rxe1 Rc8 37. Na7 Rb8 38. Re6 Bf8 39. Rb6
Rxb6 40. Bxb6 b4 41. Bd4 b3 42. Nb5 Kf7 43. Bb2 Bc5+ 44. Kf3 Be7 45. Nc7 Bf6
46. Nxd5 Bxb2 47. Ke4 Ke6 48. Ne3 Bc1 49. Nd1 b2 50. Nc3 Bd2 51. Nb1 Bb4 52. g4
Bf8 53. Nd2 Bg7 54. Nb1 Kd6 55. h4 Kc5 56. f5 gxf5+ 57. gxf5 Kc4 58. h5 Bf6 59.
Ke3 Kd5 60. Kd3 Ke5 61. Kc2 Kxf5 62. Nd2 Bg5 63. Kxb2 Bxd2 64. Kc2 Be3 65. Kd3
Kf4 66. Ke2 h6 67. Kf1 Kg3 68. Ke2 Bc5 69. Kf1 Kh3 70. Ke2 Kg2 71. Ke1 Bf2+ 72.
Ke2 Bc5 73. Ke1 Kg3 74. Kf1 Kh3 75. Ke2 Kg4 76. Kf1 Kxh5 77. Kg2 1/2-1/2

[Event "SR 3. liga A2 2015/2016"]
[Site "?"]
[Date "2015.11.29"]
[Round "4"]
[White "Brunovsky, Peter"]
[Black "Cvirik, Vladimir"]
[Result "1/2-1/2"]
[WhiteElo "1859"]
[BlackElo "1865"]
[PlyCount "103"]
[EventDate "2016.??.??"]

1. c4 c5 2. e4 Nc6 3. g3 g6 4. Bg2 Bg7 5. Ne2 e6 6. Nbc3 Nge7 7. O-O O-O 8. d3
b6 9. h3 Bb7 10. Kh2 Nd4 11. Nxd4 Bxd4 12. Bh6 Bg7 13. Bxg7 Kxg7 14. b3 d5 15.
Qc2 d4 16. Ne2 Qc7 17. f4 f5 18. e5 Bxg2 19. Kxg2 a6 20. Ng1 h6 21. Kh2 Nc6 22.
Qg2 Rab8 23. Rac1 Qb7 24. Rf2 Nb4 25. Rd2 Qxg2+ 26. Kxg2 g5 27. a3 Nc6 28. Rb2
a5 29. Nf3 gxf4 30. gxf4 Kf7 31. Kh2 Rg8 32. Rg2 Rxg2+ 33. Kxg2 Rg8+ 34. Kf2
Ne7 35. Nh4 Rb8 36. a4 Rg8 37. Rd1 Nc6 38. Rd2 Nb4 39. Ng2 Kg6 40. Kf3 Kf7 41.
Kf2 Nc6 42. Nh4 Ne7 43. Rd1 Rg7 44. Rf1 Ng6 45. Nxg6 Rxg6 46. Rg1 Rxg1 47. Kxg1
Kg6 48. Kg2 Kh5 49. Kg3 Kg6 50. Kh4 h5 51. Kg3 Kh6 52. h4 1/2-1/2

[Event "SR 3. liga A2 2015/2016"]
[Site "?"]
[Date "2015.11.29"]
[Round "4.4"]
[White "Kimcel, Frantisek"]
[Black "Valla, Tomas"]
[Result "0-1"]
[WhiteElo "1867"]
[BlackElo "1802"]
[PlyCount "108"]
[EventDate "2016.??.??"]

1. Nf3 c5 2. c4 b6 3. g3 Bb7 4. Bg2 Nf6 5. Nc3 a6 6. d3 e6 7. O-O Be7 8. Re1
O-O 9. e4 d6 10. h3 Nbd7 11. Be3 Qc7 12. Ne2 Rfd8 13. Qc2 Rac8 14. Rad1 Qb8 15.
Nf4 Bf8 16. Bd2 Qa8 17. Nh2 Ne5 18. Bc3 Bc6 19. b3 Qb7 20. Qb2 Qc7 21. h4 b5
22. Bh3 Re8 23. Qe2 Qe7 24. Qb2 Qc7 25. Qe2 Qe7 26. Nf3 Nxf3+ 27. Qxf3 Rcd8 28.
Qe2 g6 29. e5 dxe5 30. Bxe5 Bg7 31. Qb2 Rf8 32. Qa1 Kh8 33. Re3 Rd7 34. Rde1
Rfd8 35. Bb2 Rd6 36. Bxe6 Rd4 37. Bd5 Qb7 38. Bxd4 cxd4 39. Re7 Qb6 40. Bxc6
Qxc6 41. Qd1 Kg8 42. Ra7 Bf8 43. cxb5 axb5 44. Qc1 Qc3 45. Qb1 Qc5 46. Ra6 Kg7
47. Rc1 Qe5 48. Qc2 Bd6 49. Qe2 Qf5 50. Ng2 Re8 51. Qd2 Re6 52. Rcc6 Qd5 53.
Qc2 Nd7 54. Nf4 Re1+ 0-1

[Event "SR 3. liga A2 2015/2016"]
[Site "?"]
[Date "2015.11.29"]
[Round "4.5"]
[White "Banas, Jan"]
[Black "Hecko, Dusan"]
[Result "1/2-1/2"]
[WhiteElo "2267"]
[BlackElo "2118"]
[PlyCount "107"]
[EventDate "2016.??.??"]

1. Nf3 d5 2. d4 Nf6 3. c4 c6 4. e3 g6 5. Nc3 Bg7 6. Bd3 O-O 7. O-O Nbd7 8. h3
Re8 9. e4 dxe4 10. Nxe4 Nxe4 11. Bxe4 c5 12. Be3 Nf6 13. Bc2 cxd4 14. Nxd4 Bd7
15. a4 Rc8 16. b3 a6 17. a5 e5 18. Ne2 Bc6 19. Nc3 Qe7 20. Qc1 Qe6 21. Re1 Qd6
22. Rd1 Qe6 23. Bg5 Nd7 24. Bh6 Nf6 25. Re1 Qd6 26. Bg5 Nd7 27. Ne4 Bxe4 28.
Bxe4 Nc5 29. Qc2 Nxe4 30. Qxe4 f6 31. Be3 Qc6 32. Qxc6 Rxc6 33. Red1 Kf7 34.
Rd7+ Re7 35. Rad1 Ke6 36. Rxe7+ Kxe7 37. Bb6 Rc8 38. Kf1 Bf8 39. Ke2 Ke6 40.
Rd5 Bd6 41. f3 f5 42. Kd3 Rc6 43. Kc3 Be7 44. b4 Bh4 45. b5 axb5 46. Rxb5 Kd7
47. Kd3 Bf6 48. Bc5 Kc8 49. g4 Bd8 50. Bb4 Bc7 51. Bc5 Bb8 52. Bb6 Kd7 53. Be3
Kc8 54. Bb6 1/2-1/2

[Event "SR 3. liga A2 2015/2016"]
[Site "?"]
[Date "2015.11.29"]
[Round "4.5"]
[White "Diviak, Rastislav"]
[Black "Kovacocy, Pavel"]
[Result "0-1"]
[WhiteElo "1949"]
[BlackElo "2194"]
[PlyCount "80"]
[EventDate "2016.??.??"]

1. e4 c5 2. Nf3 g6 3. c3 Bg7 4. Bc4 e6 5. Qe2 Nc6 6. O-O Nge7 7. d3 O-O 8. Bg5
Qa5 9. Nbd2 b5 10. Bb3 Qb6 11. Qe3 d5 12. e5 c4 13. Qxb6 axb6 14. Bc2 h6 15.
Bxe7 Nxe7 16. d4 Nc6 17. a3 Bd7 18. Rfe1 Ra7 19. g3 Be8 20. Kg2 Re7 21. Re2 f5
22. exf6 Bxf6 23. Rae1 Bf7 24. Nf1 Rfe8 25. Ne3 h5 26. g4 g5 27. h4 hxg4 28.
Nxg4 Bg7 29. Nxg5 Bh5 30. f3 e5 31. Nxe5 Bxe5 32. dxe5 Nxe5 33. Re3 Nxf3 34.
Bh7+ Kh8 35. Rxe7 Nxe1+ 36. Rxe1 Rxe1 37. Bf5 Re2+ 38. Kg3 Rxb2 39. Be6 Rb3 40.
Bxd5 Rxc3+ 0-1

[Event "SR 3. liga A2 2015/2016"]
[Site "?"]
[Date "2015.11.29"]
[Round "4.5"]
[White "Cechovic, Stefan"]
[Black "Ocko, Martin"]
[Result "1-0"]
[WhiteElo "2149"]
[BlackElo "2038"]
[PlyCount "89"]
[EventDate "2016.??.??"]

1. Nf3 Nf6 2. c4 e6 3. g3 b6 4. Bg2 Bb7 5. O-O Be7 6. d4 d5 7. Ne5 O-O 8. Nc3
Nbd7 9. cxd5 exd5 10. Qa4 Nxe5 11. dxe5 Nd7 12. Nxd5 Nc5 13. Qd1 Bxd5 14. Bxd5
Rc8 15. f4 c6 16. Bf3 Ne6 17. Be3 c5 18. Bd5 Rc7 19. Bxe6 fxe6 20. Qc2 Rd7 21.
Rad1 Qc8 22. Qc4 Rxd1 23. Rxd1 Qc6 24. a4 a5 25. Bf2 Rd8 26. Rxd8+ Bxd8 27. e4
Bc7 28. Kf1 Kf7 29. Ke2 h5 30. b3 g6 31. Be1 Qd7 32. Bc3 Ke7 33. h3 Qd8 34. Qb5
Qd7 35. Qxd7+ Kxd7 36. Kd3 Bd8 37. Kc4 Kc6 38. g4 hxg4 39. hxg4 Kd7 40. Kb5 Kc7
41. f5 Bg5 42. fxg6 Bh6 43. Bd2 Bg7 44. Bg5 Bxe5 45. Bh6 1-0

[Event "SR 3. liga A2 2015/2016"]
[Site "?"]
[Date "2015.11.29"]
[Round "4.5"]
[White "Nemeckay, Rastislav"]
[Black "Sarmir, Milos"]
[Result "1-0"]
[WhiteElo "1995"]
[BlackElo "2006"]
[PlyCount "93"]
[EventDate "2016.??.??"]

1. e4 e5 2. Nf3 Nc6 3. Bb5 a6 4. Bxc6 dxc6 5. d4 exd4 6. Qxd4 Qxd4 7. Nxd4 Nf6
8. f3 Bc5 9. Be3 O-O 10. Nf5 Bb4+ 11. c3 Ba5 12. Ne7+ Kh8 13. Nxc8 Raxc8 14.
Nd2 Bb6 15. Bxb6 cxb6 16. O-O-O b5 17. b4 c5 18. Kb2 Rc7 19. Nb3 c4 20. Nd4 Nd7
21. f4 Nf6 22. e5 Ng8 23. Rhe1 Re8 24. Re2 g6 25. Red2 Kg7 26. Nf3 h6 27. Rd7
Rxd7 28. Rxd7 Re7 29. Rd6 f6 30. Kc2 fxe5 31. fxe5 g5 32. h3 Rf7 33. Kd2 Ne7
34. Rd7 Nc6 35. Rxf7+ Kxf7 36. Ke3 Nd8 37. Nd4 Ne6 38. Nxe6 Kxe6 39. Ke4 h5 40.
g4 hxg4 41. hxg4 b6 42. a3 a5 43. Kd4 axb4 44. axb4 Ke7 45. Kd5 Kd7 46. e6+ Ke7
47. Ke5 1-0